000 00270nam a22001217a 4500
008 170401b xxu||||| |||| 00| 0 eng d
041 _aeng
080 _a574
100 _a9
101 _aSHM
245 _aENVIRONMENTAL POLICY AND POLITICS
_cKRAFT, M.E
942 _2udc
_cBK
999 _c9448
_d9448